000 01255nac a22003017a 4500
001 BR8301253
003 BR-BrBNA
005 20240105115631.0
008 230509b bl.|||m| |||| 00| 0 por d
040 _aBR-BrBNA
_bpor
_cBiblioteca Nacional de Agricultura
072 _aH20
090 _a0430 BR8301253
100 1 _aCarvalho, L.P.
100 1 _aCarvalho, J.M.F.C.
100 1 _aCavalcanti, F.B.
110 1 _aCentro Nacional de Pesquisa do Algodao, Campina Grande, PB (Brasil)
_91702
245 1 _aEstudo da reacao a Fusarium oxysporum vasinfectum (Atk)Synder e Hansen em algodoeiro (Gossypium hirsutum L. marie galante Hutch)selecionado para tipos precoces, medios e tardios
246 1 _aStudy of reaction to Fusarium oxysporum vasinfectum (Atk)Synder e Hansen on cotton (Gossypium hirsutum L. marie galante Hutch)when selected for early, mean and late types
260 3 _aCampina Grande, PB (Brasil):
_c1982.
300 _a11 p.
490 _aBoletim de Pesquisa - Centro Nacional de Pesquisa do Algodao (Brazil)
_vno. 8
_x
500 _a11 ref.; Summaries (En, Pt)
650 _aALGODAO MOCO
650 _aFUSARIOSE
650 _aVARIEDADE RESISTENTE
909 _a202312
_bLúcia Elande
_c55
_dLúcia Elande
942 _2AGRIS
_n0
_cMS
999 _c275670
_d275670